000
00336nam a2200133Ia 4500
008
220204s9999 xx 000 0 und d
082
_a
621.313.13
_b
NAS
100
_a
Boldea, I
245
0
_a
Linear motion electric machines
260
_a
New York
_b
John Wiley
_c
1976
650
_a
Electric motors
700
_a
Nasar, S A
942
_c
BK
999
_c
30598
_d
30598